Joueurs du Real Madrid - Mort subite - Statistiques

Statistiques générales
  • Ce quiz a été pris 470 fois
  • Le résultat moyen est 10 sur 20
Answers on the Grid
Answers color-coded by a green-red scale on the quiz's grid according to % correct below.
Achraf Hakimi
Ferland Mendy
Nico Paz
Blaise Matuidi
Pablo Sarabia
Thorgan Hazard
Pablo Barrios
Zlatan Ibrahimović
Willian
Álvaro Morata
Mateo Kovačić
Álvaro Odriozola
Mariano
Carlo Ancelotti
Reinier
Takefusa Kubo
Philipp Lienhart
Martin Ødegaard
Cher Ndour
Senny Mayulu
Luca Zidane
Jesé Rodríguez
Ansu Fati
Xabi Alonso
Marcos Llorente
Jacobo Ramón
Rodri
Amad Diallo
Danilo
Sergio Reguilón
 
Statistiques - réponses
Réponse % Correct
Ferland Mendy
94%
Achraf Hakimi
93%
Álvaro Morata
75%
Mateo Kovačić
67%
Xabi Alonso
62%
Mariano
61%
Nico Paz
61%
Martin Ødegaard
56%
Luca Zidane
55%
Álvaro Odriozola
52%
Jesé Rodríguez
52%
Marcos Llorente
44%
Sergio Reguilón
43%
Takefusa Kubo
41%
Danilo
37%
Jacobo Ramón
33%
Reinier
33%
Pablo Barrios
27%
Pablo Sarabia
27%
Philipp Lienhart
16%
Aucun quiz correspondant
Distribution des résultats
% des personnes avec chaque résultat
Percentile par nombre de réponses
Votre historique - résultats
Vous n’avez pas pris ce quiz